000 00639nam a2200205 i 4500
001 10249
003 ES-MaACL
005 20231222063026.0
007 t|
008 950328s1993 sp |||| | spa d
080 _a16
100 1 _aSuárez Rodríguez, José Luis,
_d1931-2020
_9108655
245 1 3 _aEl juego de la lógica /
_cJosé Luis Suárez Rodriguez.
260 _aMadrid :
_bDiálogo Filosófico,
_c1993.
300 _aP. 385-392 ;
_c24 cm.
595 _aSeparata de: Revista "Diálogo filosófico", n. 27, sept./dic. 1993.
650 4 _aLógica.
_914693
852 _aES-MaACL
_j2141-F-14
999 _c10249
_d10249